00197nam a2200085Ia 4500008004100000041000800041100001600049245002000065260002600085230508s2015 xx 000 0 und d aeng aAPATE MOHAN aVATULACHE GUPIT bMAUJE PUBc2015g2001